000 00502nam a2200229Ia 4500
008 210210b1949 xxu||||| |||| 00| 0 eng d
041 _aeng
082 _a825/696
100 _aRAJAN (B)
245 _aT s eliot: a study of his writings
260 _aLondon
_bDennis Dobson Limited
_c1949
650 _awritings
650 _aT
650 _astudy
650 _as
650 _aof
650 _ahis
650 _aeliot:
650 _aa
690 _aEnglish Criticism
906 _a015012
999 _c134242
_d134242